Manuel de l'histoire de la peinture (Record no. 167812)
[ view plain ]
| 000 -LEADER | |
|---|---|
| campo de control de longitud fija | 01126nam a2200253 i 4500 |
| 001 - NÚMERO DE CONTROL | |
| campo de control | 167812 |
| 003 - IDENTIFICADOR DE NÚMERO DE CONTROL | |
| campo de control | ES-MaACL |
| 005 - FECHA Y HORA DE LA ÚLTIMA TRANSACCIÓN | |
| campo de control | 20251108164904.0 |
| 008 - DATOS DE LONGITUD FIJA--INFORMACIÓN GENERAL | |
| campo de control de longitud fija | 990222m18631864be af |||| | fre d |
| 040 ## - FUENTE DE CATALOGACIÓN | |
| Centro catalogador/agencia de origen | CCPB | B |
| Lengua de catalogación | spa |
| Centro/agencia transcriptor | CCPB | B |
| 080 ## - NÚMERO DE LA CLASIFICACIÓN DECIMAL UNIVERSAL | |
| Número de la Clasificación Decimal Universal | 75.033/.036(430) |
| 080 ## - NÚMERO DE LA CLASIFICACIÓN DECIMAL UNIVERSAL | |
| Número de la Clasificación Decimal Universal | 75.033/.036(492) |
| 100 1# - ENTRADA PRINCIPAL--NOMBRE DE PERSONA | |
| Nombre de persona | Waagen, Gustav Friedrich, |
| Fechas asociadas al nombre | 1794-1868 |
| 9 (RLIN) | 133850 |
| 245 10 - MENCIÓN DEL TÍTULO | |
| Título | Manuel de l'histoire de la peinture |
| Resto del título | : écoles allemande, flamande et hollandaise / |
| Mención de responsabilidad, etc. | par G. F. Waagen ; traduction par Hymans et J. Petit. |
| 260 ## - PUBLICACIÓN, DISTRIBUCIÓN, ETC. | |
| Lugar de publicación, distribución, etc. | Bruxelles [etc.] : |
| Nombre del editor, distribuidor, etc. | C. Muquardt ; |
| Lugar de publicación, distribución, etc. | Paris : |
| Nombre del editor, distribuidor, etc. | Morel et Comp. : |
| -- | Ve Jules Renouard, |
| Fecha de publicación, distribución, etc. | 1863-1864 ( |
| Fabricante | Imp. de Delevingneet Callewaert) |
| 300 ## - DESCRIPCIÓN FÍSICA | |
| Extensión | 3 v. (XXVI, 258 p., [25] h. de lám. ; 312 p., [25] h de lám. ; 356 p., [8] h. de lám.) ; |
| Dimensiones | 21 cm. |
| 650 #4 - PUNTO DE ACCESO ADICIONAL DE MATERIA--TÉRMINO DE MATERIA | |
| Término de materia o nombre geográfico como elemento de entrada | Pintura alemana- |
| Subdivisión de forma | Historia. |
| 9 (RLIN) | 161984 |
| 650 #4 - PUNTO DE ACCESO ADICIONAL DE MATERIA--TÉRMINO DE MATERIA | |
| Término de materia o nombre geográfico como elemento de entrada | Pintura holandesa- |
| Subdivisión de forma | Historia. |
| 9 (RLIN) | 161985 |
| 650 #4 - PUNTO DE ACCESO ADICIONAL DE MATERIA--TÉRMINO DE MATERIA | |
| Término de materia o nombre geográfico como elemento de entrada | Pintura flamenca- |
| Subdivisión de forma | Historia. |
| 9 (RLIN) | 161986 |
| 700 1# - ENTRADA AGREGADA--NOMBRE PERSONAL | |
| Nombre de persona | Hymans, Henri, |
| Fechas asociadas al nombre | 1836-1912 |
| 9 (RLIN) | 64882 |
| 700 1# - ENTRADA AGREGADA--NOMBRE PERSONAL | |
| Nombre de persona | Petit, Jules-Jean, |
| Fechas asociadas al nombre | n. 1838 |
| 9 (RLIN) | 131069 |
| 852 ## - LOCALIZACIÓN | |
| Ubicación | ES-MaACL |
| Número de control de estantería | G-14098-14100 |
| Nota libre | - Enc. hol. |
| Estatus retirado | Estado de pérdida | Estado de daño | No para préstamo | Colección | Biblioteca de origen | Biblioteca actual | Ubicación en estantería | Fecha de adquisición | Fuente de adquisición | Total de préstamos | Signatura topográfica completa | Código de barras | Visto por última vez | Precio de reemplazo | Tipo de ítem Koha |
|---|---|---|---|---|---|---|---|---|---|---|---|---|---|---|---|
| Libros del s. XIX | Biblioteca del Ateneo de Madrid | Biblioteca del Ateneo de Madrid | Sala Pecera Planta 3 | 17/01/2008 | G-14098-14100 | 1176052 | 23/02/2023 | 23/02/2023 | Libro impreso antiguo |
